Le droit des gens ou principes de la loi naturelle appliqués a la conduite et aux affaires des nations et des souverains / (Record no. 167038)
[ view plain ]
| 000 -LEADER | |
|---|---|
| campo de control de longitud fija | 01500nam a22002415i 4500 |
| 001 - NÚMERO DE CONTROL | |
| campo de control | 167038 |
| 003 - IDENTIFICADOR DE NÚMERO DE CONTROL | |
| campo de control | ES-MaACL |
| 005 - FECHA Y HORA DE LA ÚLTIMA TRANSACCIÓN | |
| campo de control | 20250809025049.0 |
| 008 - DATOS DE LONGITUD FIJA--INFORMACIÓN GENERAL | |
| campo de control de longitud fija | 990610m18351838fr |||| | fre d |
| 040 ## - FUENTE DE CATALOGACIÓN | |
| Centro catalogador/agencia de origen | CCPB | B |
| Lengua de catalogación | spa |
| Centro/agencia transcriptor | CCPB | B |
| 100 1# - ENTRADA PRINCIPAL--NOMBRE DE PERSONA | |
| Nombre de persona | Vattel, Emer de ( |
| Fechas asociadas al nombre | 1714-1767) |
| 9 (RLIN) | 133571 |
| 245 13 - MENCIÓN DEL TÍTULO | |
| Título | Le droit des gens ou principes de la loi naturelle appliqués a la conduite et aux affaires des nations et des souverains / |
| Mención de responsabilidad, etc. | par Vattel ; précédée d'un discours sur l'étude du droit de la nature et des gens par sir James Mackintosh ; traduit en français par M. P. Royer-Collard. |
| 250 ## - MENCION DE EDICION | |
| Mención de edición | Nouvelle ed. rev. et corr. d'après les textes originaux, augm. de quelques remarques nouvelles et d'une bibliographie choisie et systématique du droit de la nature et des gens |
| Resto de la mención de edición | par M. de Hoffmanns. |
| 260 ## - PUBLICACIÓN, DISTRIBUCIÓN, ETC. | |
| Lugar de publicación, distribución, etc. | Paris : |
| Nombre del editor, distribuidor, etc. | a la librairie diplomatique, française et étrangere de J. P. Aillaud, |
| Fecha de publicación, distribución, etc. | 1835-1838. |
| 300 ## - DESCRIPCIÓN FÍSICA | |
| Extensión | 3 v. ; |
| Dimensiones | 20 cm. |
| 505 8# - NOTA DE CONTENIDO CON FORMATO | |
| Nota de contenido con formato | Contiene : Tomo III : Notes et table générale analytique de l'ouvrage / par M. S. Pinheiro-Ferreira |
| 650 07 - PUNTO DE ACCESO ADICIONAL DE MATERIA--TÉRMINO DE MATERIA | |
| Término de materia o nombre geográfico como elemento de entrada | Derecho internacional público |
| Fuente del encabezamiento o término | embne |
| 9 (RLIN) | 11723 |
| 700 1# - ENTRADA AGREGADA--NOMBRE PERSONAL | |
| Nombre de persona | Mackintosh, James |
| Títulos y otros términos asociados al nombre | , Sir. |
| 9 (RLIN) | 129297 |
| 700 1# - ENTRADA AGREGADA--NOMBRE PERSONAL | |
| Nombre de persona | Royer-Collard, Pierre-Paul. |
| 9 (RLIN) | 100216 |
| 700 2# - ENTRADA AGREGADA--NOMBRE PERSONAL | |
| Nombre de persona | Pinheiro-Ferreira, Silvestre. |
| 9 (RLIN) | 131170 |
| 852 ## - LOCALIZACIÓN | |
| Ubicación | ES-MaACL |
| Número de control de estantería | C-3815-17 |
| Nota libre | -- Enc. hol. |
| Encuadernación | -- Edic.: T.I (VII, 516 p.) - T.II (458 p.) - T.III (VII, 587 p.) -- Imp. de los t.I-II: Typographie Rignoux y del t.III: Imprimerie de Casimir |
| Estatus retirado | Estado de pérdida | Estado de daño | No para préstamo | Colección | Biblioteca de origen | Biblioteca actual | Ubicación en estantería | Fecha de adquisición | Total de préstamos | Signatura topográfica completa | Código de barras | Visto por última vez | Precio de reemplazo | Tipo de ítem Koha |
|---|---|---|---|---|---|---|---|---|---|---|---|---|---|---|
| Libros del s. XIX | Biblioteca del Ateneo de Madrid | Biblioteca del Ateneo de Madrid | Sala Palomar | 17/01/2008 | C-3815-17 | 1175219 | 23/02/2023 | 23/02/2023 | Libro impreso antiguo |
